Siderurgia: elementos de la siderurgia - fabricación del arrabio - fabricación de los aceros - productos siderúrgicos - la técnica de fusión y colado - técnica de la laminación y forjado
Salvato in:
| Autore principale: | |
|---|---|
| Natura: | Libro |
| Lingua: | spagnolo |
| Pubblicazione: |
Buenos Aires
Alsina
1976
|
| Edizione: | 3a. ed |
| Serie: | Biblioteca Integral de Ciencia y Técnica
|
| Soggetti: | |
| Tags: |
Aggiungi Tag
Nessun Tag, puoi essere il primo ad aggiungerne!!
|
MARC
| LEADER | 00000nam a2200000 a 4500 | ||
|---|---|---|---|
| 001 | UCV7035 | ||
| 003 | CL-VaPUC | ||
| 008 | 910614e19760000AG |||||||||||||||||spa|d | ||
| 082 | 0 | 4 | |a 672 |b PEZ |2 21 |
| 100 | 0 | |a Pezzano, Pascual A |e author |9 301021 | |
| 245 | 1 | 0 | |a Siderurgia: elementos de la siderurgia - fabricación del arrabio - fabricación de los aceros - productos siderúrgicos - la técnica de fusión y colado - técnica de la laminación y forjado |
| 250 | |a 3a. ed | ||
| 300 | |a 635 p | ||
| 942 | |c BK | ||
| 945 | |d 19910614 00:00:00 | ||
| 260 | |a Buenos Aires |b Alsina |c 1976 | ||
| 650 | 7 | |a INDUSTRIA SIDERURGICA |2 CL-VaPUC |9 264000 | |
| 583 | |a last modification |c 19910614 00:00:00 |k Rodrigo Vera | ||
| 490 | 0 | |a Biblioteca Integral de Ciencia y Técnica | |
| 999 | |c 212787 |d 212785 | ||
| 952 | |0 0 |1 0 |4 0 |6 672_000000000000000_PEZ_1976 |7 0 |8 A |9 194404 |a BIBMEC |b BIBMEC |d 2019-11-14 |i 1335030 |o 672 PEZ 1976 |p 1335030 |r 2024-01-19 |w 2019-11-14 |y BK |k MEC | ||